000 00390nam a2200133Ia 4500
008 230917s9999||||xx |||||||||||||| ||und||
040 _e90503
_aMAIN
041 _aEnglish
082 _a617.7 S23C
100 _aSharma, Neetu
245 0 _aComparative study between ketorolac homethamine and certi costeroid eye drops in post-operative ocular inflammation
300 _a95 p.
942 _cTH
999 _c78902
_d78902